00161nam a22000857a 4500040000700000082000800007100000700015245003500022260001800057 cSK a635 aNA aPropagating and planting trees aNAbNA c2002